000 00305nam a22001337a 4500
020 _a0195630521
082 _a425
_bINT/E
100 _aINTHIRA,S.R
245 _aENRICH YOUR ENGLISH
260 _aHYDERABAD
_bOXFORD UNIVERSITY PRESS
300 _a221
650 _aCOMMUNICATION SKILLS
_zINDIA
942 _cBK
999 _c3919
_d3919